Notas genealógicas que para tomar el hábito de Santiago, presentaron Mariano, Francisco y Rafael Pardo de Figueroa, Serna, Manso de Andrade y Pareja / (Record no. 129469)

MARC details
000 -LEADER
campo de control de longitud fija 00749nam a2200205 i 4500
001 - NÚMERO DE CONTROL
campo de control 129469
003 - IDENTIFICADOR DE NÚMERO DE CONTROL
campo de control ES-MaACL
005 - FECHA Y HORA DE LA ÚLTIMA TRANSACCIÓN
campo de control 20250410063055.0
007 - CAMPO FIJO DE DESCRIPCIÓN FÍSICA--INFORMACIÓN GENERAL
campo de control de longitud fija t|
008 - DATOS DE LONGITUD FIJA--INFORMACIÓN GENERAL
campo de control de longitud fija 070615s1905 sp ||||1| spa d
080 ## - NÚMERO DE LA CLASIFICACIÓN DECIMAL UNIVERSAL
Número de la Clasificación Decimal Universal 929.52 Pardo de Figueroa
100 1# - ENTRADA PRINCIPAL--NOMBRE DE PERSONA
Nombre de persona Thebussem,
Títulos y otros términos asociados al nombre Doctor,
Fechas asociadas al nombre 1828-1918
9 (RLIN) 109885
245 10 - MENCIÓN DEL TÍTULO
Título Notas genealógicas que para tomar el hábito de Santiago, presentaron Mariano, Francisco y Rafael Pardo de Figueroa, Serna, Manso de Andrade y Pareja /
Mención de responsabilidad, etc. Doctor Thebussem.
250 ## - MENCION DE EDICION
Mención de edición 2ª ed.
260 ## - PUBLICACIÓN, DISTRIBUCIÓN, ETC.
Lugar de publicación, distribución, etc. [Villanueva y Geltrú :
Nombre del editor, distribuidor, etc. Juan Oliva y Milá],
Fecha de publicación, distribución, etc. 1905.
300 ## - DESCRIPCIÓN FÍSICA
Extensión 110 p. ;
Dimensiones 30 cm.
600 14 - PUNTO DE ACCESO ADICIONAL DE MATERIA--NOMBRE DE PERSONA
Nombre de persona Pardo de Fuigueroa (Familia)-
Subdivisión general Genealogía.
9 (RLIN) 88993
852 ## - LOCALIZACIÓN
Ubicación ES-MaACL
Número de control de estantería G-5958
Holdings
Estatus retirado Estado de pérdida Estado de daño No para préstamo Biblioteca de origen Biblioteca actual Ubicación en estantería Fecha de adquisición Fuente de adquisición Total de préstamos Signatura topográfica completa Código de barras Visto por última vez Precio de reemplazo Tipo de ítem Koha
        Biblioteca del Ateneo de Madrid Biblioteca del Ateneo de Madrid Depósito 2 17/01/2008     G-5958 1134822 23/02/2023 23/02/2023 Libro impreso